00757nam a2200193 4500003000900000020001800009040002800027100002900055245007500084260002100159300005400180490008300234500006100317650002400378650004600402650004600448650004700494700002200541CO-ViMGA a9789585911550 aCO-ViMGAbspacCO-ViMGA1 aMezquita Arnaiz, Roberto10aTam, Tim y Tom /cRoberto Mezquita ; ilustraciones de Paolo Domeniconi aEnvigado : Liber a[35] páginas :bilustraciones en color ; 23 cm. aPlan Nacional de Lectura y Escritura Leer es mi Cuento / Ministerio de Cultura aRecomendado para un público infantil mayor de 6 años14aAutores Españoles14aCuentos Infantiles Españoles - Siglo Xx14aLiteratura Infantil Española - Siglo Xx14aRelaciones Familiares - Cuentos Infantiles1 aDomeniconi, Paolo